000 01106 a2200217 4500
001 41379
005 20260407155708.0
008 260407a1985 arg spa d
003 AR-UNSa-BCEJYS
040 _aAR-UNSa-BCEJYS
_bspa
_cAR-UNSa-BCEJYS
080 _a347.63
_xFiliación. Paternidad. Padres e hijos
245 1 0 _aPatria potestad y filiación
_pLey 23.264 modificatoria de la parte pertinente del Código Civil
020 _a950-14-0298-3
264 1 _aBuenos Aires :
_bEdiciones Depalma
_c1985
300 _a99 p.
_c23 cm.
505 _a1. Nombres de las personas naturales: Ley 18.248 - 2. Matrimonio civil: Ley 2.393 - 3. Derechos civiles de la mujer: Ley 11.357 - 4. Patronato de menores: Ley 10.903 - 5. Adopción de menores: Ley 19.134 - 6. Régimen de menores y de la familia: Ley 14.394 - 7. Régimen penal de la minoridad: Ley 22.278 - 8. Derecho de visita: Ley 21.040 - 9. Servicio nacional de menor: Ley 20.111 - 10. Subsecretaría de menor y la familia: Ley 20.419
041 _aspa
942 _cBK
590 _aniveau_biblio:m niveau_hierar:0
100 1 _aArgentina [Leyes, etc.]
999 _c3484
_d3484